IEEE signal processing magazine

Αποθηκεύτηκε σε:
Λεπτομέρειες βιβλιογραφικής εγγραφής
Συλλογικό Έργο: Institute of Electrical and Electronics Engineers, IEEE Signal Processing Society
Μορφή: Περιοδική έκδοση
Γλώσσα:English
Δημοσίευση: New York,NY : Institute of Electrical and Electronics Engineers, c1991-
Θέματα:
Ετικέτες: Προσθήκη ετικέτας
Δεν υπάρχουν, Καταχωρήστε ετικέτα πρώτοι!

MARC

LEADER 00000cas a2200000 i 4500
001 1/25947
008 020802c19919999 eng
022 |a 10535888 
035 |l 10068158 
040 |a GR-MY-UA  |b gre  |e aacr 
041 0 |a eng 
082 0 |a 621.382205 
110 2 |a Institute of Electrical and Electronics Engineers. 
245 1 0 |a IEEE signal processing magazine  |h [περιοδικό] 
246 3 3 |a Signal processing magazine 
260 |a New York,NY :   |b Institute of Electrical and Electronics Engineers,   |c c1991- 
300 |a v.;  |b ill.;  |c 28 cm. 
310 |a Bimonthly, July 2002- ; Quarterly, 1991-2002 
650 0 0 |a Signal processing  |x Periodicals. 
650 0 0 |a Electro-acoustics  |x Periodicals. 
710 2 |a IEEE Signal Processing Society. 
920 |a ΚΑΤΣΙΚΑΣ  |b ΣΩΚΡΑΤΗΣ  |y ΣΑΜΟΣ  |z 1998-12 
970 |a ΜΑΛΑΓΑΡΗ  |b ΦΩΤΕΙΝΗ  |z 20020802